| 000 | 00459nam a22001697a 4500 | ||
|---|---|---|---|
| 003 | NUST - PNEC | ||
| 005 | 20170116180911.0 | ||
| 008 | 150903b xxu||||| |||| 00| 0 eng d | ||
| 020 | _a0750610654 | ||
| 040 | _cLIBRARY | ||
| 082 | _a620.0042 NIS | ||
| 100 |
_97049 _aNishida, Shin-ichi |
||
| 245 |
_a Failure analysis in engineering applications _cShin-ichi Nishida |
||
| 260 | _cc.1986 | ||
| 650 |
_97055 _aEngineering Applications _xME |
||
| 942 |
_2ddc _cBK |
||
| 999 |
_c65273 _d65273 |
||